LEADER 00880nam0-22002771i-450- 001 990006616020403321 005 20001010 035 $a000661602 035 $aFED01000661602 035 $a(Aleph)000661602FED01 035 $a000661602 100 $a20001010d--------km-y0itay50------ba 101 0 $aita 105 $ay-------001yy 200 1 $aDevelopment and Underdevelopment in Historical Perspective. Populism, Nationalism and Industrialization$fGavinKitching 210 $aLondon$cMetuchen$d1982 215 $aXII, 196 p., 22 cm 700 1$aKitching,$bGavin$0243816 801 0$aIT$bUNINA$gRICA$2UNIMARC 901 $aBK 912 $a990006616020403321 952 $aVI A 264$b20122$fFSPBC 959 $aFSPBC 996 $aDevelopment and Underdevelopment in Historical Perspective. Populism, Nationalism and Industrialization$9614599 997 $aUNINA DB $aGEN01